000 02150cam a22003017i 4500
999 _c8203
_d8203
003 OSt
005 20220330172313.0
008 190123s2014 cauab 000 0 eng d
020 _a9781941806432
020 _a1941806430
035 _a(OCoLC)ocn887858138
042 _alccopycat
082 0 4 _a711/.4
_223
100 1 _aPlatt, Kalvin.
245 1 0 _aDesigning places for people and the environment :
_blessons from 55 years as an urban planner and shaping the global landscape architectural practice of the SWA Group /
_cKalvin Platt.
250 _aFirst edition.
300 _a297 pages :
_billustrations (chiefly color), maps (chiefly color) ;
_c28 cm
520 _aPart autobiography, part firm history and part a look at the future of urban design, [this book] addresses lessons learned from fifty five years of experience in urban design and planning from a personal perspective following the author s formative education and work as an architect, Naval civil engineer and city planner before transitioning into landscape architecture where he grew into a leadership role as the first president of the SWA Group and shaped the firm as an employee owned group practice that over four decades has become a world leader in landscape architecture, planning and urban design . More than just a monograph, the book relates important developments in the firm and profession to major world events of the late 20th and early 21st centuries, using 35 case studies of his major work and portfolios of the firms iconic work over its entire history to date, and a best practices section detailing how the firm has developed business and professional practices that allow it to focus upon its people and work: planning, designing and building livable and environmentally sustainable cities and communities where people can live in dignity, health and happiness.
600 1 0 _aPlatt, Kalvin.
600 1 7 _aPlatt, Kalvin.
_2cct
610 2 0 _aSWA Group (Firm)
610 2 7 _aSWA Group (Firm)
_2cct
610 2 7 _aSWA Group (Firm)
_2fast
650 0 _aCity planning.
650 7 _aCity planning.
_2cct
650 7 _aCity planning.
_2fast
942 _2ddc